Statistiques concernant Personnages d'anime en images - K

Cliquez ici pour prendre le quiz!

Statistiques générales

  • Ce quiz a été pris 205 fois
  • Le résultat moyen est 11 sur 24

Statistiques - réponses

Réponse% Correct
Ken Kaneki
97%
Kirua Zoldik
95%
Kakashi Hatake
94%
Kurapika
81%
Kaido
76%
Krilin
76%
Kenny Ackerman
71%
Kazuto Kirigaya
68%
Koro-sensei
66%
King
60%
Kenpachi Zaraki
47%
Kiki
47%
Kaguya Shinomiya
43%
Kevin Dragonfly
35%
Tobio Kageyama
34%
Yoshikage Kira
34%
Seto Kaiba
25%
Kars
21%
Kanae Kocho
20%
Kenshiro
16%
Kishibe
9%
Kurome
5%
Kiritsugu Emiya
4%
Karin Marker
0%

Distribution des résultats

Percentile par nombre de réponses

% des personnes avec chaque résultat

Votre développement - résultats

Vous n’avez pas pris ce quiz